000
00242nam a22001217a 4500
003
SGT
082
_a
823.92
_b
CAB
100
_a
CABOT MEG
245
_a
BOY MEETS GIRL
260
_a
USA
_b
HARPER PUB
_c
2004
300
_a
382
942
_2
ddc
_c
BK
999
_c
33676
_d
33676